The Art Of Public Speaking (Record no. 95781)

MARC details
000 -LEADER
fixed length control field 00478nam a2200193Ia 4500
008 - FIXED-LENGTH DATA ELEMENTS--GENERAL INFORMATION
fixed length control field 230125s9999 xx 000 0 und d
020 ## - INTERNATIONAL STANDARD BOOK NUMBER
International Standard Book Number 978-93-86348-42-5
041 ## - LANGUAGE CODE
Language code of text/sound track or separate title eng
082 ## - DEWEY DECIMAL CLASSIFICATION NUMBER
Classification number 658.45
Item number CAR
100 ## - MAIN ENTRY--PERSONAL NAME
Personal name Carnegie D
9 (RLIN) 106261
245 ## - TITLE STATEMENT
Title The Art Of Public Speaking
260 ## - PUBLICATION, DISTRIBUTION, ETC. (IMPRINT)
Date of publication, distribution, etc. 2018
Name of publisher, distributor, etc. Jaico Publishing House
Place of publication, distribution, etc. Mumbai
300 ## - PHYSICAL DESCRIPTION
Extent 345p
440 ## - SERIES STATEMENT/ADDED ENTRY--TITLE
Volume/sequential designation 1
650 ## - SUBJECT ADDED ENTRY--TOPICAL TERM
Topical term or geographic name as entry element Communication
700 ## - ADDED ENTRY--PERSONAL NAME
Personal name Carnegie D
9 (RLIN) 106261
906 ## - LOCAL DATA ELEMENT F, LDF (RLIN)
b 27
Holdings
Withdrawn status Lost status Damaged status Not for loan Home library Current library Date acquired Vendor Cost, normal purchase price Bill number Total Checkouts Full call number Barcode Date last seen Cost, replacement price Bill Date Koha item type Original Barcode Date last checked out
        Smt. Hiraben Nanavati Institute of Management & Research for Women Smt. Hiraben Nanavati Institute of Management & Research for Women 16/02/2019 Pritam Book Centre 199.00 10773   658.45 CAR B18401 HIMR-BK-18401 25/01/2023 172.00 15/02/2018 Books B18401  
        Smt. Hiraben Nanavati Institute of Management & Research for Women Smt. Hiraben Nanavati Institute of Management & Research for Women 06/03/2019 Pritam Book Centre 199.00 10783 1 658.45 CAR B18436 HIMR-BK-18436 27/10/2025 172.00 05/03/2019 Books B18436 16/10/2025